[Event "PHI-ch sf"]
[Site "Manila"]
[Date "2014.??.??"]
[Round "2"]
[White "Aquino, Prince Mark"]
[Black "Cacho, Robert"]
[Result "1/2-1/2"]
[WhiteElo "2195"]
[BlackElo "2050"]
[PlyCount "82"]
[EventDate "2014.03.??"]
[EventType "swiss"]
[EventRounds "9"]
[EventCountry "PHI"]
[SourceTitle "EXT 2016"]
[Source "ChessBase"]
[SourceDate "2015.10.08"]
[SourceVersion "1"]
[SourceVersionDate "2015.10.08"]
[SourceQuality "1"]

1. c4 Nf6 2. Nc3 e6 3. d4 Bb4 4. Qb3 c5 5. Nf3 Nc6 6. e3 0-0 7. a3 Bxc3+ 8. Qxc3 Ne4 9. Qc2 f5 10. dxc5 a5 11. b3 Qe7 12. Bb2 e5 13. Bd3 Nxc5 14. Be2 d6 15. 0-0 Be6 16. Bc3 Rfc8 17. Nd2 Bd7 18. b4 Ne6 19. Qb2 b6 20. Rfd1 Ncd8 21. Nf1 Ba4 22. Rd2 Bc6 23. f3 Nf7 24. Qb3 a4 25. Qa2 Bb7 26. Rad1 Kf8 27. Qc2 g6 28. Qa2 Rd8 29. Ba1 Rac8 30. Qc2 Bc6 31. Qa2 Nc7 32. Bb2 Qe6 33. Qb1 b5 34. Rc1 bxc4 35. Bxc4 d5 36. Be2 Nb5 37. Rc5 Nbd6 38. Qc1 Nb7 39. Rcc2 Be8 40. Rxc8 Rxc8 41. Rc2 Nbd6 1/2-1/2